000
00341nam a2200145Ia 4500
100
_a
Siegel/ H..J.
942
_c
BK
654
_a
Computer
245
_a
Interconnections networks for large scale parallel processing
260
_b
Mc Graw Hill
_a
New York
_c
1992
082
_a
4.35
_b
SIE
300
_a
390
546
_a
ENGLISH
999
_c
31518
_d
31518